Missing 'J' Acronyms Quiz Stats

 Plays Quiz Updated Feb 4, 2019

Support Sporcle.
Go Orange.
Score 0/30 Timer 05:00
4 Plays Today
% Correct
Jelly|Jam
96.4%
Jersey
96.4%
Just
95.9%
Jovi
95.9%
Jockey
95.4%
Jackson|Jordan
95.1%
Jack
95%
Jurassic
94.8%
Jesus
93.8%
Jehovah's
93.3%
Jungle
92%
Johnson
91.9%
Jones
91.3%
Joke
90.7%
Jitsu
90%
% Correct
Jonas
89.7%
Job
89.5%
James
88.6%
Journal
87.1%
Jet
85.3%
John
83.5%
Joint
83.2%
Jousting
82.6%
Justice
81.4%
Judge
76.1%
Japan
76%
Java
73.5%
Jahwist
59.8%
Jewish
59.1%
Judean
49.4%

You're not logged in!

Compare scores with friends on all Sporcle quizzes.
OR
Log In
Forgot?

From the Vault

Find The Rule

by skuban

Is it possible for your brain to pull a hamstring, because we're pretty sure that's what just happened.
Remove Ads.
Support Sporcle.
Get the best of Sporcle when you Go Orange. This ad-free experience offers more features, more stats, and more fun while also helping to support Sporcle. Thank you for becoming a member.

Show Comments

Extras

Top Quizzes Today


Score Distribution

Your Account Isn't Verified!

In order to create a playlist on Sporcle, you need to verify the email address you used during registration. Go to your Sporcle Settings to finish the process.

Report this User

Report this user for behavior that violates our Community Guidelines.

Details: